|
|
|
|
| LEADER |
01651nam a2200421Ia 4500 |
| 001 |
EBC3019038 |
| 003 |
MiAaPQ |
| 005 |
20200520144314.0 |
| 006 |
m o d | |
| 007 |
cr cn||||||||| |
| 008 |
101021s2011 nyua sb 001 0 eng d |
| 010 |
|
|
|z 2010043911
|
| 020 |
|
|
|z 9781612094533
|
| 020 |
|
|
|z 9781611226461 (alk. paper)
|
| 020 |
|
|
|z 1611226465 (alk. paper)
|
| 035 |
|
|
|a (MiAaPQ)EBC3019038
|
| 035 |
|
|
|a (Au-PeEL)EBL3019038
|
| 035 |
|
|
|a (CaPaEBR)ebr10662844
|
| 035 |
|
|
|a (OCoLC)848265234
|
| 040 |
|
|
|a MiAaPQ
|c MiAaPQ
|d MiAaPQ
|
| 050 |
|
4 |
|a HF3236.5
|b .M487 2011
|
| 082 |
0 |
4 |
|a 382.0972
|2 22
|
| 245 |
0 |
0 |
|a International trade relations of Mexico
|h [electronic resource] :
|b a window to the world /
|c Rajagopal, editor.
|
| 260 |
|
|
|a New York :
|b Nova Science Publishers,
|c c2011.
|
| 300 |
|
|
|a xiii, 184 p. :
|b ill.
|
| 490 |
1 |
|
|a Trade issues, policies and laws
|
| 490 |
1 |
|
|a Latin American political, economic, and security issues
|
| 504 |
|
|
|a Includes bibliographical references and index.
|
| 533 |
|
|
|a Electronic reproduction. Ann Arbor, MI : ProQuest, 2015. Available via World Wide Web. Access may be limited to ProQuest affiliated libraries.
|
| 650 |
|
0 |
|a International business enterprises
|z Mexico.
|
| 651 |
|
0 |
|a Mexico
|x Commerce.
|
| 651 |
|
0 |
|a Mexico
|x Foreign economic relations.
|
| 655 |
|
4 |
|a Electronic books.
|
| 700 |
1 |
|
|a Rajagopal, Desikacharya.
|
| 710 |
2 |
|
|a ProQuest (Firm)
|
| 830 |
|
0 |
|a Trade issues, policies and laws series.
|
| 830 |
|
0 |
|a Latin American political, economic, and security issues.
|
| 856 |
4 |
0 |
|u https://ebookcentral.proquest.com/lib/matrademy/detail.action?docID=3019038
|z Click to View
|